000 00619nam a22001937a 4500
005 20251108164232.0
008 250721s1994 xx 000 0 ara d
082 1 4 _a620.46/محم
100 1 _aمحمد، سراج محمد
245 1 0 _aالإستشعار عن بعد /
264 1 _aالقاهرة :
_bالهئية المصرية العامة للكتاب،
_c1994.
300 _a
490 0 _aسلسلة العلم و الحياة ؛ 51 ، 52
650 1 7 _aالإستشعار عن بعد
650 1 7 _aالتحكم من بعد
650 1 7 _aالتصوير الجوي
942 _2ddc
_cBK
999 _c7095
_d7095